000 00688nam a2200253Ia 4500
003 OSt
005 20220912145804.0
006 a|||||r|||| 00| 0
007 ta
008 220909b |||||||| |||| 00| 0 eng d
024 _a76290
037 _cTextbook
040 _aCSL
_beng
_cCSL
041 _aeng
082 _aL7:630S, L3
100 _aValzelli Luigi
245 0 _aPsychopharmacology: an introduction to experimental and clinical principles
260 _c1973
300 _ap.
_ccm.
490 _aSpectrum monographs in modern neurobiology
650 _aPsychopharmacology
942 _hL7:630S, L3
_cTB
_2CC
999 _c38298
_d38298